000 00387nam a2200157Ia 4500
008 230917s9999||||xx |||||||||||||| ||und||
040 _e196777
_aMAIN
041 _aEnglish
082 _a595.703 C172E(2)
100 _aCapinera, John L
245 0 _aEncyclopedia of Entomology. 4V
250 _a2nd ed.
260 _aBerlin
_bSpringer-Verlag
_c2008
300 _av. p.
942 _cBK
999 _c160100
_d160100